<?xml version="1.0" encoding="UTF-8"?>
<record
    xmlns:xsi="http://www.w3.org/2001/XMLSchema-instance"
    xsi:schemaLocation="http://www.loc.gov/MARC21/slim http://www.loc.gov/standards/marcxml/schema/MARC21slim.xsd"
    xmlns="http://www.loc.gov/MARC21/slim">

  <leader>00954nam a22002057a 4500</leader>
  <controlfield tag="005">20180803165601.0</controlfield>
  <controlfield tag="008">140822|2010    xxu||||| |||| 00| 0 ck  spa d</controlfield>
  <datafield tag="041" ind1=" " ind2=" ">
    <subfield code="a">spa</subfield>
  </datafield>
  <datafield tag="044" ind1=" " ind2=" ">
    <subfield code="a">pe</subfield>
  </datafield>
  <datafield tag="082" ind1=" " ind2=" ">
    <subfield code="a">323.11</subfield>
    <subfield code="b">R93v</subfield>
  </datafield>
  <datafield tag="100" ind1=" " ind2=" ">
    <subfield code="a">Ruiz-Muller, Manuel</subfield>
    <subfield code="9">19026</subfield>
  </datafield>
  <datafield tag="245" ind1=" " ind2=" ">
    <subfield code="a">Valoraci&#xF3;n y Protecci&#xF3;n de los Conocimientos Tradicionales en la Amazonia del Per&#xFA;:</subfield>
    <subfield code="b">Sistematizaci&#xF3;n de una Experiencia</subfield>
    <subfield code="c"> Manuel, Ruiz Muller...(et al.)</subfield>
  </datafield>
  <datafield tag="260" ind1=" " ind2=" ">
    <subfield code="a"> Per&#xFA;</subfield>
    <subfield code="b">Programa de peque&#xF1;as Donaciones-SGP </subfield>
    <subfield code="b">Sociedad Peruana de Derecho Ambiental-SPDA</subfield>
    <subfield code="b">UNDP-Per&#xFA;</subfield>
    <subfield code="b">The John D. and Catherine T.MacArthur Foundation-MACARTHUR</subfield>
    <subfield code="b">FMAM</subfield>
    <subfield code="c">2010</subfield>
  </datafield>
  <datafield tag="300" ind1=" " ind2=" ">
    <subfield code="a">216 p.</subfield>
    <subfield code="b">Il, tablas, fot (col).</subfield>
    <subfield code="c">25 cm.</subfield>
  </datafield>
  <datafield tag="650" ind1=" " ind2="6">
    <subfield code="a">Comunidades ind&#xED;genas</subfield>
    <subfield code="9">92521</subfield>
  </datafield>
  <datafield tag="650" ind1=" " ind2="6">
    <subfield code="a">Ind&#xED;genas de Per&#xFA;</subfield>
    <subfield code="v"> Programas</subfield>
    <subfield code="9">25942</subfield>
  </datafield>
  <datafield tag="650" ind1=" " ind2="6">
    <subfield code="a">Ind&#xED;genas de Per&#xFA;</subfield>
    <subfield code="x">Condiciones sociales</subfield>
    <subfield code="9">25943</subfield>
  </datafield>
  <datafield tag="710" ind1=" " ind2=" ">
    <subfield code="a">Per&#xFA;</subfield>
    <subfield code="b">Programa de Asuntos Internacionales y Biodiversidad de la SPDA</subfield>
    <subfield code="9">25944</subfield>
  </datafield>
  <datafield tag="942" ind1=" " ind2=" ">
    <subfield code="2">ddc</subfield>
    <subfield code="c">LIBRO</subfield>
  </datafield>
  <datafield tag="999" ind1=" " ind2=" ">
    <subfield code="c">8618</subfield>
    <subfield code="d">8618</subfield>
  </datafield>
  <datafield tag="952" ind1=" " ind2=" ">
    <subfield code="0">0</subfield>
    <subfield code="1">0</subfield>
    <subfield code="2">ddc</subfield>
    <subfield code="4">0</subfield>
    <subfield code="7">0</subfield>
    <subfield code="8">GENERAL</subfield>
    <subfield code="I">INV2017</subfield>
    <subfield code="a">Bogota</subfield>
    <subfield code="b">Bogota</subfield>
    <subfield code="d">2014-08-22</subfield>
    <subfield code="e">Instituto</subfield>
    <subfield code="g">39000.00</subfield>
    <subfield code="l">0</subfield>
    <subfield code="o">LB-323.11 R93v</subfield>
    <subfield code="p">034384</subfield>
    <subfield code="r">2014-08-22 00:00:00</subfield>
    <subfield code="t">Ej. 1</subfield>
    <subfield code="w">2014-08-22</subfield>
    <subfield code="x">Donaci&#xF3;n</subfield>
    <subfield code="y">LIBRO</subfield>
  </datafield>
</record>
